Welcome to CU Library Online Public Access Catalogue (OPAC)

Anger : (Record no. 9263)

MARC details
000 -LEADER
fixed length control field 00763cam a22002174a 4500
001 - CONTROL NUMBER
control field 3101976
005 - DATE AND TIME OF LATEST TRANSACTION
control field 20260420112805.0
008 - FIXED-LENGTH DATA ELEMENTS--GENERAL INFORMATION
fixed length control field 990106s1999 nyua b 001 0 eng
020 ## - INTERNATIONAL STANDARD BOOK NUMBER
International Standard Book Number 1568362846
Qualifying information alk. paper
020 ## - INTERNATIONAL STANDARD BOOK NUMBER
International Standard Book Number 9781568362847
Qualifying information (alk. paper)
050 00 - LIBRARY OF CONGRESS CALL NUMBER
Classification number BF575.A5
Item number P44 1999
082 00 - DEWEY DECIMAL CLASSIFICATION NUMBER
Classification number 152.4/7
Edition information 21
100 1# - MAIN ENTRY--PERSONAL NAME
Personal name Peurifoy, Reneau Z.
245 10 - TITLE STATEMENT
Title Anger :
Remainder of title taming the beast : a step-by-step program for people with explosive anger and those who find it difficult to express anger /
Statement of responsibility, etc. Reneau Z. Peurifoy.
260 ## - PUBLICATION, DISTRIBUTION, ETC.
Place of publication, distribution, etc. New York :
Name of publisher, distributor, etc. Kodansha International,
Date of publication, distribution, etc. 1999.
300 ## - PHYSICAL DESCRIPTION
Extent viii, 287 p. :
Other physical details ill. ;
Dimensions 25 cm.
650 #0 - SUBJECT ADDED ENTRY--TOPICAL TERM
Topical term or geographic name entry element Anger
General subdivision Problems, exercises, etc.
650 #0 - SUBJECT ADDED ENTRY--TOPICAL TERM
Topical term or geographic name entry element Anger
General subdivision Case studies.
700 ## - ADDED ENTRY--PERSONAL NAME
Personal name Peurifoy, Reneau Z.
942 ## - ADDED ENTRY ELEMENTS (KOHA)
Source of classification or shelving scheme Library of Congress Classification
Koha item type Books
Suppress in OPAC No
999 ## -
-- 9263
-- 9263
Holdings
Withdrawn status Lost status Source of classification or shelving scheme Damaged status Not for loan Collection Home library Current library Shelving location Date acquired Total checkouts Full call number Barcode Date last seen Price effective from Koha item type
    Library of Congress Classification     Non-fiction Main Library (Kumasi) Law Library (Kumasi) General stacks 04/20/2026   BF575.A5P44PEU bssk00000016 04/20/2026 04/20/2026 Books
© 2023-2024 Copyright: Central University Libraries. All Rights Reserved | Created by: Mahone Tech Office